01103nam a2200289Ia 4500001001200000003000800012006001900020007001500039008004100054020001500095040002100110035002000131050003000151082001700181100001700198245009500215260004500310300002100355504005100376533015200427630001100579650003400590655002900624710001700653856012600670999001700796ebr10058841CaPaEBRm u cr cn|||||||||040206s2004 cau sb 001 0 eng d z1593270356 aCaPaEBRcCaPaEBR a(OCoLC)6289029814aQA76.76.O63bW3654 2004eb04a005.4/322221 aWard, Brian.10aHow Linux worksh[electronic resource] :bwhat every super-user should know /cBrian Ward. aSan Francisco :bNo Starch Press,c2004. axvi, 347, [4] p. aIncludes index and bibliographical references. aElectronic reproduction.bPalo Alto, Calif. :cebrary,d2009.nAvailable via World Wide Web.nAccess may be limited to ebrary affiliated libraries.00aLinux. 0aOperating systems (Computers) 7aElectronic books.2local2 aebrary, Inc.40uhttp://site.ebrary.com/lib/rucke/Doc?id=10058841zAn electronic book accessible through the World Wide Web; click to view c67295d67295